000 004220000a22001690004500
003 MACL
005 20160105172844.0
008 160105b xxu||||| |||| 00| 0 eng d
040 _aMACL
_cMACL
041 _aEnglish
082 _a823/ELL
100 _aEllis, Edward S
_928350
245 _aThe Boy Hunters of Kentucky
260 _bCassell & Company
_c1889
_aNew York
650 _aNovel
_9153
942 _cBK
_k823/Ell
_2ddc
999 _c36717
_d36717